00302pab a2200121 454500008004000000100001800040245005400058260000900112300001300121362001200134650002100146773001300167180718b1971 xxu||||| |||| 00| 0 eng d aD'Souza, J.B. aA possible reason for municipal maladministration c1971 ap.49-51. aJan-Mar aLocal government aNagarlok